Finančná a menová teória a politika študijný odbor financie

Gespeichert in:
Bibliographische Detailangaben
1. Verfasser: Háčik, Vladimír
Körperschaft: Vysoká škola ekonomická v Bratislave. Národohospodárska fakulta
Weitere Verfasser: Misčíková, Alena
Format: Buch
Sprache:Slowakisch
Veröffentlicht: Bratislava Edičné stredisko VŠE 1991
Tags: Tag hinzufügen
Keine Tags, Fügen Sie das erste Tag hinzu!

MARC

LEADER 00000nam a2200000 4500
001 c025048
005 20260326101611.4
041 0 |a slo 
044 |a SK 
245 1 0 |a Finančná a menová teória a politika  |b študijný odbor financie  |c Vladimír Háčik, Alena Misčíková 
264 1 |a Bratislava  |b Edičné stredisko VŠE  |c 1991 
300 |a 233 s. 
100 1 |a Háčik, Vladimír 
700 1 |a Misčíková, Alena 
710 2 |a Vysoká škola ekonomická v Bratislave. Národohospodárska fakulta